000 01310nab a2200241 i 4500
001 768714001
003 CO-MdFUSB
005 20240531062757.0
008 240523t1974 sp ||||| |||| 00| 0 spa d
040 _bspa
_cCO-MdFUSB
_dCO-MdFUSB
041 _aspa
100 _aGreshake, Gisbert,
_d1933-
_eautor
245 _aHacia una teología del morir
_c/ Gisbert Greshake ; traducido por Santiago Vidal
520 _aLas siguientes reflexiones quieren ser simplemente una pequeña aportación a la teología del morir. Primero estudiaremos la denominada hipótesis de la decisión final, que ha tenido gran aceptación en la teología católica de los últimos años; luego intentaremos abordar los datos bíblicos referentes al tema del morir y explicar su contenido sistemático; por fin, procuraremos deducir algunas líneas de conexión en torno a la actual preocupación por el hombre que muere.
650 0 _aMuerte
_91613
650 7 _aCristianismo
_2
_922
650 7 _a Mortalidad
_91107
650 7 _aHombre
_97135
700 _aVidal, Santiago,
_etraductor
773 0 _049450
_982674
_oR2584
_tRevista internacional de teología Concilium
_w(CO-MdFUSB)8
_x0210-1041
_gNúmero 94, (abril, 1974), páginas: 76 - 94
_qpágina: 76
942 _cANA
945 _aCatherine Arias Alvarez - Practicante SENA
999 _c69870
_d69870